00962cam a22002051 4500082001300000100004000013245017900053260003100232300005100263500008400314500004900398500005500447526003300502650003500535650001300570700003000583942001200613999001900625952011200644 a355.00921 aSmith, Harry George Wakelyn,94925214aThe autobiography of Lieutenant-General Sir Harry Smith, baronet of Aliwal on the Sutlej, G.C.B.;ced. with the addition of some supplementary chapters, by G. C. Moore Smith. aLondon,bJ. Murray,c1902. a2 v.bfront., pl., port., maps, plans.c23 cm. aExperiences in the war of 1812, at the capture of Washington, etc.: p. 191-208. aFirst edition December 1901; reprinted 1902. aOn cover; Arms granted to Sir Harry Smith in 1846. a0b0c0d355_009200000000000 0aGeneralszGreat Britain949253 0aMCE93791 aSmith, G. C. Moore949254 2ddccBK c552057d552057 00102ddc4070aMCEbMCEcArchive Sectiond2015-01-06l0o355.0092pMCE-ECA/39r2015-01-06w2015-01-06yBK